Currents in biochemistry

Elmentve itt :
Bibliográfiai részletek
Szerző: Szent-Györgyi Albert
Dokumentumtípus: Cikk
Megjelent: Indian Chemical Society Calcutta, India 1961
Sorozat:Journal of the Indian Chemical Society 38 No. 8
Kulcsszavak:Biokémia
Online Access:http://misc.bibl.u-szeged.hu/73553
LEADER 00682nab a2200181 i 4500
001 misc73553
005 20250526125432.0
008 250526s1961 hu o 000 eng d
040 |a SZTE Miscellanea Repozitórium  |b hun 
041 |a eng 
100 2 |a Szent-Györgyi Albert 
245 1 0 |a Currents in biochemistry  |h [elektronikus dokumentum] /  |c  Szent-Györgyi Albert 
260 |a Indian Chemical Society  |b Calcutta, India  |c 1961 
300 |a 432-434 
490 0 |a Journal of the Indian Chemical Society  |v 38 No. 8 
561 |a Szent-Györgyi Albert tudományos és egyéb írásai 
695 |a Biokémia 
856 4 0 |u http://misc.bibl.u-szeged.hu/73553/1/szgya_amerikai_188_b.pdf  |z Dokumentum-elérés